000 00465nam a2200145Ia 4500
003 OSt
005 20260226162746.0
008 211028s9999 xx 000 0 und d
040 _cAIMIT LIBRARY
041 _aeng
100 _aMonteiro, Roylen Prajwal; James, Justine P.
_g1716166
_98143
245 _aStudy on optimum portfolio management services with reference to sunness capital India Private Ltd Bangalore /
260 _bT Ramesh Kamath
942 _2ddc
_cPRO
999 _c219711
_d219711